| 000 | 00956cab a22002055a 4500 | ||
|---|---|---|---|
| 001 | L158854 | ||
| 008 | 150824e20150808xxk 000 0 eng d | ||
| 035 | _a(Sirsi) u158854 | ||
| 041 | 0 | _aeng | |
| 100 | 1 | _aPage, Richard | |
| 245 | 0 | 0 | _aTake Your Partners |
| 260 | _c2015 | ||
| 490 |
_aEstates Gazette _v(1531) 8 August 2015, 44-46(3) |
||
| 520 | _aInformation about joint ventures (JV) between public and private sectors which are becoming more popular as authorities seek to unlock the value of land while retaining control of what is developed. Argues that property development joint ventures can provide significant benefits but must be structured correctly so all parties get the desired result. Points out regulations that govern public authorities entering into JV and the key issues in putting a JV together. | ||
| 590 | _aKA | ||
| 651 | 4 | _aUnited Kingdom | |
| 690 |
_aProperty management _96262 |
||
| 700 | 1 | _aJohnson, Kate | |
| 942 | _n0 | ||
| 999 |
_c84712 _d84712 |
||